[Event "Mostoles op 12th"]
[Site "Mostoles"]
[Date "2023.07.24"]
[Round "2"]
[White "Perez de las Penas, Jorge Ivan"]
[Black "Galarreta Santana, Javier"]
[Result "0-1"]
[WhiteElo "1406"]
[BlackElo "1744"]
[PlyCount "58"]
[EventDate "2023.07.23"]
[EventType "swiss"]
[EventRounds "8"]
[EventCountry "ESP"]
[SourceTitle "CBM 215 Extra"]
[Source "ChessBase"]
[SourceDate "2023.09.30"]
[SourceVersion "1"]
[SourceVersionDate "2023.09.30"]
[SourceQuality "1"]

1. Nc3 d5 2. e4 d4 3. Nce2 c5 4. d3 e5 5. Nf3 Nc6 6. Ng3 g6 7. Be2 h5 8. h4 Nh6 9. Bg5 f6 10. Bd2 Ng4 11. c3 Be6 12. Qc2 Rc8 13. a4 Qb6 14. 0-0 Na5 15. c4 Nb3 16. Ra3 Nxd2 17. Nxd2 Rc7 18. Nf3 Bh6 19. Nh2 Bf4 20. Nxg4 hxg4 21. Nh1 Bc8 22. g3 Bh6 23. f3 Be3+ 24. Nf2 g5 25. fxg4 gxh4 26. Kg2 hxg3 27. Kxg3 f5 28. exf5 Qh6 29. Ne4 Qh3# 0-1

[Event "Madrid-ch Previa A"]
[Site "Madrid"]
[Date "2023.02.22"]
[Round "9.15"]
[White "Palacios Sanchez, Victor"]
[Black "Galarreta Santana, Javier"]
[Result "1-0"]
[WhiteElo "1646"]
[BlackElo "1739"]
[PlyCount "71"]
[EventDate "2023.02.06"]
[EventType "swiss"]
[EventRounds "9"]
[EventCountry "ESP"]
[SourceTitle "EXT 2024"]
[Source "ChessBase"]
[SourceDate "2023.10.10"]
[SourceVersion "1"]
[SourceVersionDate "2023.10.10"]
[SourceQuality "1"]

1. e4 e5 2. Nf3 Nc6 3. d4 exd4 4. Nxd4 Nf6 5. Nxc6 bxc6 6. e5 Qe7 7. Qe2 Nd5 8. c4 Ba6 9. b3 g6 10. Bb2 Bg7 11. g3 d6 12. Bg2 0-0 13. 0-0 Rab8 14. Nd2 Nb6 15. Rfe1 d5 16. Qe3 Rfd8 17. c5 Nd7 18. Bd4 Re8 19. f4 f6 20. Nf3 fxe5 21. fxe5 h6 22. Bh3 Nf8 23. e6 Bc8 24. Bxg7 Kxg7 25. Nd4 Qg5 26. Qc3 Kg8 27. Nxc6 Ra8 28. Re5 Qf6 29. Rf1 Qh8 30. Qf3 Qg7 31. Qf7+ Kh8 32. Qxe8 Bb7 33. Rxf8+ Qxf8 34. Qxf8+ Rxf8 35. e7 Re8 36. Bd7 1-0

[Event "Madrid-ch Previa A"]
[Site "Madrid"]
[Date "2023.02.20"]
[Round "7.14"]
[White "Villodre Miranda, Juan Alonso"]
[Black "Galarreta Santana, Javier"]
[Result "1/2-1/2"]
[WhiteElo "1503"]
[BlackElo "1739"]
[PlyCount "74"]
[EventDate "2023.02.06"]
[EventType "swiss"]
[EventRounds "9"]
[EventCountry "ESP"]
[SourceTitle "EXT 2024"]
[Source "ChessBase"]
[SourceDate "2023.10.10"]
[SourceVersion "1"]
[SourceVersionDate "2023.10.10"]
[SourceQuality "1"]

1. c4 f5 2. d4 Nf6 3. g3 e6 4. Bg2 Bb4+ 5. Bd2 Bxd2+ 6. Nxd2 d5 7. c5 b6 8. b4 bxc5 9. bxc5 c6 10. Ngf3 Nbd7 11. Qa4 Qc7 12. 0-0 h6 13. e3 a5 14. Rfb1 Ba6 15. Bf1 Bxf1 16. Kxf1 Kf7 17. h3 g5 18. Ne1 h5 19. f4 gxf4 20. gxf4 Rhg8 21. Nef3 Rg3 22. Kf2 Rag8 23. Rg1 Rxg1 24. Rxg1 Rxg1 25. Kxg1 Ne4 26. Nxe4 fxe4 27. Ne5+ Nxe5 28. fxe5 Kg6 29. Qc2 Kh6 30. Qf2 Qe7 31. Qg2 Qh4 32. Kf1 Qd8 33. Qf2 a4 34. Qf7 Qc8 35. Qf6+ Kh7 36. Qf7+ Kh6 37. h4 a3 1/2-1/2

[Event "Mostoles op 11th"]
[Site "Mostoles"]
[Date "2022.07.25"]
[Round "9"]
[White "Solanilla Olcese, Ada"]
[Black "Galarreta Santana, Javier"]
[Result "1/2-1/2"]
[WhiteElo "1203"]
[BlackElo "1637"]
[PlyCount "49"]
[EventDate "2022.07.17"]
[EventType "swiss"]
[EventRounds "9"]
[EventCountry "ESP"]
[SourceTitle "EXT 2024"]
[Source "ChessBase"]
[SourceDate "2023.10.10"]
[SourceVersion "1"]
[SourceVersionDate "2023.10.10"]
[SourceQuality "1"]

1. e4 e5 2. Nf3 Nc6 3. Bc4 Nf6 4. Ng5 Bc5 5. Nxf7 Bxf2+ 6. Kf1 Qe7 7. Nxh8 d5 8. Bxd5 Bg4 9. Kxf2 Bxd1 10. Rxd1 Nxd5 11. exd5 Nd4 12. Na3 Qf6+ 13. Kg1 0-0-0 14. d3 Rxh8 15. Be3 Ne2+ 16. Kh1 Qh4 17. Re1 Qh5 18. d6 Rf8 19. dxc7 Rf5 20. h3 g5 21. Nb5 Rf3 22. Rxe2 Rxh3+ 23. gxh3 Qxe2 24. Bxg5 Qf3+ 25. Kh2 1/2-1/2

[Event "Mostoles op 11th"]
[Site "Mostoles"]
[Date "2022.07.24"]
[Round "8"]
[White "Galarreta Santana, Javier"]
[Black "Esteban Amo, Jose M"]
[Result "0-1"]
[WhiteElo "1637"]
[BlackElo "1842"]
[PlyCount "156"]
[EventDate "2022.07.17"]
[EventType "swiss"]
[EventRounds "9"]
[EventCountry "ESP"]
[SourceTitle "EXT 2024"]
[Source "ChessBase"]
[SourceDate "2023.10.10"]
[SourceVersion "1"]
[SourceVersionDate "2023.10.10"]
[SourceQuality "1"]

1. e4 c5 2. Nc3 g6 3. d4 cxd4 4. Qxd4 Nf6 5. Be3 Nc6 6. Qd2 Bg7 7. f3 a6 8. Nge2 d6 9. 0-0-0 Bd7 10. Nf4 Qa5 11. Bc4 Ne5 12. Bb3 Rc8 13. Nfd5 Nxd5 14. Qxd5 Qxd5 15. Nxd5 Nc6 16. Nb6 Rd8 17. c3 Nb8 18. Kb1 Bc6 19. Bd4 0-0 20. h4 h5 21. Be3 Bf6 22. g4 hxg4 23. h5 g5 24. Rdg1 gxf3 25. Rg4 Kh7 26. Nd5 Bxd5 27. exd5 Kh6 28. Bd1 Nd7 29. Bxf3 Ne5 30. Rg3 Nxf3 31. Rxf3 Be5 32. Rf5 f6 33. Rhf1 Kxh5 34. Bxg5 Kg6 35. Kc2 Rh8 36. Be3 Rdg8 37. Kb3 Rh4 38. Bb6 Kf7 39. a4 Rg2 40. Bg1 e6 41. dxe6+ Kxe6 42. R5f3 Rh5 43. Bb6 Rhh2 44. Bf2 f5 45. Kc4 f4 46. b4 Kf5 47. Bg3 Rh3 48. Bxf4 Rxf3 49. Rxf3 Bxf4 50. b5 axb5+ 51. axb5 Ke4 52. Rh3 Rg7 53. Rh5 Rc7+ 54. Kb4 b6 55. c4 Kd4 56. Rd5+ Ke4 57. Rd1 Rc5 58. Kb3 d5 59. Re1+ Be3 60. cxd5 Rxb5+ 61. Kc4 Rc5+ 62. Kb3 Rxd5 63. Rh1 Kd3 64. Rh3 Rb5+ 65. Ka4 Rb1 66. Ka3 Kd4 67. Ka2 Rb5 68. Rh4+ Kc3 69. Rh3 Re5 70. Kb1 b5 71. Rh2 b4 72. Rc2+ Kd3 73. Kb2 Rc5 74. Rg2 Kc4 75. Rg8 Bd4+ 76. Kb1 Kb3 77. Rc8 Ra5 78. Ra8 Ra3 0-1

[Event "Mostoles op 11th"]
[Site "Mostoles"]
[Date "2022.07.19"]
[Round "3"]
[White "Munoz Gonzalez, Luis"]
[Black "Galarreta Santana, Javier"]
[Result "0-1"]
[WhiteElo "1503"]
[BlackElo "1637"]
[PlyCount "61"]
[EventDate "2022.07.17"]
[EventType "swiss"]
[EventRounds "9"]
[EventCountry "ESP"]
[SourceTitle "EXT 2024"]
[Source "ChessBase"]
[SourceDate "2023.10.10"]
[SourceVersion "1"]
[SourceVersionDate "2023.10.10"]
[SourceQuality "1"]

1. d4 f5 2. Nc3 Nf6 3. Bg5 e6 4. e4 fxe4 5. Nxe4 Be7 6. Bxf6 Bxf6 7. Nf3 0-0 8. Bd3 Nc6 9. c3 d5 10. Ng3 e5 11. dxe5 Nxe5 12. Nxe5 Bxe5 13. Qc2 Qh4 14. 0-0-0 Bd7 15. Kb1 c6 16. Nf5 Qf6 17. g4 g6 18. g5 Qxg5 19. Rdg1 Qf6 20. Nh6+ Kg7 21. Ng4 Bxg4 22. Rxg4 Qxf2 23. h4 Qxc2+ 24. Kxc2 Rf4 25. Rg5 Bf6 26. Rg2 Bxh4 27. Re2 Raf8 28. Rhh2 Bd8 29. Kb3 h5 30. Re6 Rg4 31. Rd6 0-1

[Event "Madrid-ch Previa-B"]
[Site "Madrid"]
[Date "2020.02.08"]
[Round "3"]
[White "Barragan Arriaza, Pablo"]
[Black "Galarreta Santana, Javier"]
[Result "1/2-1/2"]
[WhiteElo "1886"]
[BlackElo "1666"]
[PlyCount "97"]
[EventDate "2020.02.06"]
[EventType "swiss"]
[EventRounds "9"]
[EventCountry "ESP"]
[SourceTitle "CBM 195 Extra"]
[Source "ChessBase"]
[SourceDate "2020.05.31"]
[SourceVersion "1"]
[SourceVersionDate "2020.05.31"]
[SourceQuality "1"]

1. d4 Nf6 2. c4 d5 3. cxd5 Qxd5 4. Nc3 Qa5 5. Bd2 Qb6 6. e3 c6 7. Qc2 g6 8. Bd3 Bg7 9. Na4 Qd8 10. f4 0-0 11. Nf3 Nbd7 12. 0-0 Nb6 13. Nc5 Nbd5 14. e4 Nc7 15. Bc3 Ne6 16. Nxe6 Bxe6 17. Ng5 Ng4 18. Nxe6 fxe6 19. Qb3 Bxd4+ 20. Bxd4 Qxd4+ 21. Kh1 Nf2+ 22. Rxf2 Qxf2 23. Qxe6+ Kh8 24. Qe5+ Rf6 25. Rf1 Qb6 26. g4 Qd8 27. Bc4 Qd6 28. Qc3 e5 29. Kg2 Re8 30. h3 g5 31. f5 Qd4 32. Qxd4 exd4 33. Be6 Kg7 34. e5 Rfxe6 35. fxe6 Rxe6 36. Rf5 Kg6 37. Kf3 c5 38. Ke4 Rb6 39. b3 Ra6 40. Kd5 Rxa2 41. Kxc5 d3 42. Rf3 d2 43. Rd3 Ra6 44. Rxd2 Rc6+ 45. Kd5 Kf7 46. Rd3 Ke7 47. Ke4 a5 48. Kf5 h6 49. Rd5 1/2-1/2

[Event "Madrid-ch Previa-B"]
[Site "Madrid"]
[Date "2018.02.01"]
[Round "1"]
[White "Galarreta Santana, Javier"]
[Black "Anton Quevedo, Andrea"]
[Result "0-1"]
[WhiteElo "1619"]
[BlackElo "1940"]
[PlyCount "44"]
[EventDate "2018.02.01"]
[EventType "swiss"]
[EventRounds "9"]
[EventCountry "ESP"]
[SourceTitle "EXT 2020"]
[Source "ChessBase"]
[SourceDate "2019.10.17"]
[SourceVersion "1"]
[SourceVersionDate "2019.10.17"]
[SourceQuality "1"]

1. e4 c5 2. Nf3 e6 3. c3 Nc6 4. d4 cxd4 5. cxd4 Nf6 6. Bd3 Be7 7. Nc3 d6 8. Qc2 0-0 9. a3 e5 10. d5 Nb8 11. h3 a5 12. Be3 Na6 13. Bxa6 Rxa6 14. Nb5 Ne8 15. Rc1 Ra8 16. Nc7 Nxc7 17. Bb6 f5 18. exf5 Bxf5 19. Qd2 Rc8 20. Qxa5 Qd7 21. Bxc7 Bd8 22. 0-0 Rxc7 0-1